تراب الماس / (Record no. 17425)
[ view plain ]
| 000 -الفاتح | |
|---|---|
| حقل البيانات ثابتة الطول | 00848cam a22002655i 4500 |
| 003 - محدد رقم الضبط | |
| رقم الضبط | EG-ScBUE |
| 005 - وقت وتاريخ اخر تعامل مع التسجيلة | |
| رقم الضبط | 20210203124452.0 |
| 008 - عناصر البيانات ثابتة الطول - معلومات عامة | |
| حقل البيانات ثابتة الطول | 130408s2012 ua g 000 f ara d |
| 017 ## - رقم الإيداع القانونى | |
| رقم الإيداع القانونى | 2010 / 3527 |
| 020 ## - الرقم الدولى المعيارى للكتب | |
| الرقم الدولى المعيارى للكتاب | 9789770927625 |
| 040 ## - مصدر الفهرسة | |
| وكالة الفهرسة الأصلية | EG-ScBUE |
| لغة الفهرسة | ara |
| قواعد الوصف | rda |
| وكالة النسخ | EG-ScBUE |
| وكالة التعديل | EG-ScBUE |
| 082 04 - رقم تصنيف ديوى العشرى | |
| رقم التصنيف | 892.737 |
| رقم المادة | م ر ا |
| رقم الطبعة | 22 |
| 100 1# - المدخل الرئيسى - إسم شخصى | |
| الإسم الشخصى | مراد، أحمد، |
| التواريخ المصاحبة للاسم | 1978- |
| الدور | مؤلف. |
| 245 10 - بيان العنوان | |
| العنوان | تراب الماس / |
| بيان المسئوليه,etc | أحمد مراد. |
| 250 ## - بيان الطبعة | |
| بيان الطبعة | الطبعة الرابعة. |
| 264 #1 - النشر، التوزيع | |
| مكان الناشر او الموزع | القاهرة : |
| اسم الناشر او الموزع | دار الشروق، |
| تاريخ النشر أو التوزيع | 2012. |
| 300 ## - الوصف المادى | |
| التعداد | 393 صفحة ؛ |
| أبعاد الوعاء | 20 سم |
| 336 ## - نوع المحتوى | |
| Carrier Type Term | نص |
| Content Type Code | txt |
| source | rdacontent |
| 337 ## - نوع الوسيط | |
| Media Type Term | بدون وسيط |
| Media Type Code | n |
| source | rdamedia |
| 338 ## - نوع الحامل أو الناقل | |
| Carrier Type Term | مجلد |
| Carrier Type Code | nc |
| source | rdacarrier |
| 650 #7 - المدخل الاضافى بالموضوع-مصطلح موضوعى | |
| مصطلح موضوعي أو اسم جغرافي كعنصر مدخل | القصص العربية |
| التقسيم الفرعي الزمني | قرن 21. |
| مصدر الرأس أو المصطلح | BUEsh |
| 651 ## - المدخل الاضافى بالموضوع - اسم جغرافى | |
| مصدر الرأس أو المصطلح | BUEsh |
| 653 ## - مصطلح تكشيفى غير مقيد | |
| Resource For college | Arabic Literature |
| -- | Generalities |
| Arrived date list | February2021 |
| 942 ## - عناصر المدخل الإضافي( كوها) | |
| مصدر التصنيف او مخطط الترفيف | Dewey Decimal Classification |
| Koha [default] item type | Book - Borrowing |
| حالة التراجع | حالة الفقد | مصدر التصنيف او خطة الترفيف | حالة تلف | ليس للاعارة | مجموعات كوها | المكان الدائم | المكان الحالي | موقع الترفيف | تاريخ الاكتساب | Source of acquisition | سعر الشراء الطبيعي | رقم الاستدعاء | الباركود | Date last checked out | Date last seen | مُعار | التكلفة | نوع الوعاء |
|---|---|---|---|---|---|---|---|---|---|---|---|---|---|---|---|---|---|---|
| Dewey Decimal Classification | سور الازبكية | Central Library | Central Library | Second Floor | 08/04/2013 | Purchase | 240.00 | 892.737 م ر ا | 000028666 | 26/04/2026 | 24/02/2026 | 24/02/2026 | 300.00 | Book - Borrowing |